000 00656nam a2200277Ia 4500
005 20260324112237.0
008 008 260324s9999 xx 000 0 eng d
020 _a9781032705927
037 _aEBOOK
040 _aCRL
040 _beng
040 _cCRL
041 _2eng
041 _aeng
084 _qCRL
100 _aSteven B. Webber
_91141882
245 0 _aServing the Marginalized through Design Education
260 _bTaylor and Francis
260 _c2024
365 _a
365 _b83.99
856 _uhttp://www.taylorfrancis.com/books/9781032705927
942 _cEBOOK
999 _c1731020
_d1731020